О предохранительных лампочках: [оттиск статьи]

التفاصيل البيبلوغرافية
المؤلف الرئيسي: Терпигорев А. М. Александр Митрофанович
الملخص:Напечатано гражданским шрифтом
Отдельный оттиск из Сборника технических статей за 1906 г. (Приложение к Горно-Заводскому Листку)
اللغة:الروسية
منشور في: Харьков, 1906
سلاسل:Сборник технических статей
الموضوعات:
التنسيق: MixedMaterials كتاب
KOHA link:https://koha.lib.tpu.ru/cgi-bin/koha/opac-detail.pl?biblionumber=350418

MARC

LEADER 00000nam0a2200000 4500
001 350418
005 20231102010311.0
035 |a (RuTPU)RU\TPU\retro\4505 
035 |a RU\TPU\retro\4343 
090 |a 350418 
100 |a 20190201d1906 k y0rusy50 ca 
101 0 |a rus 
102 |a RU 
105 |a a z 001zy 
200 1 |a О предохранительных лампочках  |e [оттиск статьи]  |f А. М. Терпигорев 
210 |a Харьков  |d 1906 
215 |a 20 с.  |c табл. 
225 1 |a Сборник технических статей 
300 |a Напечатано гражданским шрифтом  
300 |a Отдельный оттиск из Сборника технических статей за 1906 г. (Приложение к Горно-Заводскому Листку) 
316 |5 63413507: 26//2134  |a На с. 1 дарственная надпись: "Многоуважаемому Льву Львовичу Тове от автора" 
317 |5 63413507: 26//2134  |a Поступила в НТБ в 1918 г. в составе книжного собрания профессора ТТИ Л. Л. Тове 
320 |a Библиогр. в тексте 
606 1 |a Предохранители  |2 stltpush  |3 (RuTPU)RU\TPU\subj\51117  |9 69726 
606 1 |a Горнорудное дело  |2 stltpush  |3 (RuTPU)RU\TPU\subj\7652  |9 35234 
610 1 |a таблицы 
610 1 |a оттиски 
610 1 |a дарственные надписи 
610 1 |a коллекция Л. Л. Тове 
610 1 |a рудники 
610 1 |a гремучий газ 
610 1 |a безопасность труда 
610 1 |a горная добыча 
610 1 |a воспламеняемость 
610 1 |a причины 
610 1 |a испытания 
610 1 |a выводы 
675 |a 621.316.923  |v 3 
675 |a 622.34  |v 3 
700 1 |a Терпигорев  |b А. М.  |c горный инженер  |c директор Московского горного института (1933-1936)  |c академик АН СССР (1935)  |f 1873-1959  |g Александр Митрофанович  |2 stltpush  |3 (RuTPU)RU\TPU\pers\23918  |9 10562 
801 1 |a RU  |b 63413507  |c 20190122 
801 2 |a RU  |b 63413507  |c 20190201  |g RCR 
942 |c BK